| 000 | 00881nam0a22002651 4500 | ||
|---|---|---|---|
| 001 | rc\4674837 | ||
| 005 | 20130416204732.3 | ||
| 021 |
_aRU _bРг7300-65 |
||
| 035 | _a(NLR Aleph) 008422347 | ||
| 090 |
_a9364920 _c9364920 |
||
| 100 | _a20130416d1965 |||y0rusy50 ca | ||
| 101 | 0 | _arus | |
| 102 | _aRU | ||
| 105 | _ay z ||||| | ||
| 200 | 1 |
_aТехнико-экономический уровень подземных работ в Криворожском бассейне _e(Тезисы доклада) |
|
| 210 |
_aКривой Рог _cБ. и. _d[1965] |
||
| 215 |
_a[3] с. _d23 |
||
| 300 | _aОтпеч. множит. аппаратом | ||
| 300 | _aБез тит. л. и обл. | ||
| 700 | 1 |
_aПодмазко _bП. С. _gПавел Сергеевич |
|
| 801 | 0 |
_aRU _bNLR _gpsbo |
|
| 801 | 1 |
_aRU _bELAR _2rusmarc |
|
| 852 |
_aNLR _j65-7/1947 |
||
| 942 | _cBOOK | ||
| 980 | _aNB | ||